00468nam a2200157Ia 450000500170000000800410001708200130005810000170007124500290008826000500011730000120016765000110017994200060019095200990019699900150029520250701030201.0240331s9999 xx 000 0 und d bWEEa808 aWeerawansa,S 0aApe lanka kavi minimuthu aColombobSri Lanka Foundation Institutec2001 a48 p ., aPoetry cL 001040708LaWERCLbWERCLcSSCd2024-03-31l0o 808.888 WEEp5761r2024-03-31w2024-03-31yL c5234d5234